Multiple Choice City Quiz – Phoenix - Statistics

General Stats
  • This quiz has been taken 11,260 times
    11,253 since last reset
  • The average score is 6 of 10
Answer Stats
Question Answer % Correct
In Greek mythology, what is a phoenix? A bird that rises from its own ashes
99%
What is Phoenix's metro area known as? The Valley of the Sun
72%
Which of these U.S. Presidential candidates lived in Phoenix? John McCain
60%
Which college football bowl game happens in the Phoenix area? Fiesta Bowl
59%
Which of these is NOT a suburb of Phoenix? Flagstaff
59%
What are people from Phoenix called? Phoenicians
53%
What is the name of Phoenix's airport? Sky Harbor
51%
The first female Supreme Court justice was from Phoenix. What was her name? Sandra Day O'Connor
47%
In which desert is Phoenix located? Sonoran
36%
Phoenix is located near the confluence of what two rivers? Gila and Salt
24%
No matching quizzes found
Score Distribution
Percent of People with Each Score
Percentile by Number Answered
Your Score History
You have not taken this quiz since the last reset